Relationship Between CO2 Emissions and Trade: The Case of the EU
Zameranie na CO2 emisie, ako jeden z determinantov obchodných tokov krajín EÚ spolu s ďalšími faktormi, vrátane odľahlosti, produktivity práce, skutočných efektívnych výmenných kurzov, výskumu a výdavkov na rozvoj.
Salvato in:
| Autore principale: | |
|---|---|
| Altri autori: | , |
| Natura: | Capitolo di libro |
| Lingua: | inglese |
| Soggetti: | |
| Tags: |
Nessun Tag, puoi essere il primo ad aggiungerne!!
|
MARC
| LEADER | 00000naa a2200000 4500 | ||
|---|---|---|---|
| 001 | 0299465 | ||
| 005 | 20260105091719.4 | ||
| 041 | 0 | |a eng | |
| 044 | |a IT | ||
| 245 | 1 | 0 | |a Relationship Between CO2 Emissions and Trade: The Case of the EU |c Dušan Steinhauser, Zuzana Kittová, Lucia Khúlová |
| 520 | |a Zameranie na CO2 emisie, ako jeden z determinantov obchodných tokov krajín EÚ spolu s ďalšími faktormi, vrátane odľahlosti, produktivity práce, skutočných efektívnych výmenných kurzov, výskumu a výdavkov na rozvoj. | ||
| 610 | 2 | 0 | |a emisie |
| 610 | 2 | 0 | |a znečistenie ovzdušia |
| 610 | 2 | 0 | |a obchod |
| 610 | 2 | 0 | |a Európska únia |
| 610 | 2 | 0 | |a obchod medzinárodný |
| 610 | 2 | 0 | |a zmeny klimatické |
| 610 | 2 | 0 | |a prostredie životné |
| 100 | 1 | |a Steinhauser, Dušan, 1988- | |
| 700 | 1 | |a Kittová, Zuzana, 1975- | |
| 700 | 1 | |a Khúlová, Lucia, 1984- | |